000 00347nam a2200133Ia 4500
008 231129s2010||||xx |||||||||||||| ||spa||
020 _a978-958-30-3369-8
040 _bspa
082 _a612.62 S518
245 0 _aSexo para descubrir a las chicas
260 _c2010
264 _aPanamericana
942 _2ddc
_cBKS
999 _c24525
_d24525